00708 a2200145 4500003000500000005001700005040000900022082001700031100002100048245007800069260003100147300001400178505033600192650003400528Nust20221129160642.0 cNust a621.3815,HAM aHamilton ,T.D.S. aHandbook of linear Integrated electronics for research /cT.D.S. Hamilton aLondonbMcGraw-Hillc 1983 aix,429 p. aReview of Basic Circuit Theory (Page-1), Operational Amplifiers (Page-68), Stability of Feedback Systems (Page-120), Amplifiers (Page-143), Oscillators (Page-229), Circuits Functions (Page-260), Power Supplies (Page-297), Circuit Devices (Page-342), Optoelectronics (Page-375), Signal Detection (Page-419), Applications (Page-436). aTelecommunication engineering